[Event "19th Dubai Open 2017"]
[Site "Dubai UAE"]
[Date "2017.04.06"]
[Round "4.9"]
[White "Sargissian, Gabriel"]
[Black "Stany, G.A."]
[Result "1-0"]
[WhiteTitle "GM"]
[BlackTitle "IM"]
[WhiteElo "2666"]
[BlackElo "2495"]
[WhiteFideId "13300881"]
[BlackFideId "5029104"]
[EventDate "2017.04.03"]

1. d4 Nf6 2. Nf3 g6 3. g3 Bg7 4. Bg2 d5 5. c4 dxc4 6. Na3 c3 7. bxc3 O-O 8. O-O
c5 9. e3 Nc6 10. Bb2 Qb6 11. Nc4 Qa6 12. Nce5 Be6 13. Nxc6 bxc6 14. Ne5 Bd5 15.
Nd3 Bxg2 16. Kxg2 Nd7 17. Qc2 Rab8 18. c4 cxd4 19. Bxd4 c5 20. Bxg7 Kxg7 21.
Rab1 Kg8 22. Kg1 Qc6 23. Rb3 Rb6 24. Ra3 Rb7 25. Rb1 Rfb8 26. Rbb3 Qe4 27. Qc3
Qf3 28. Rxb7 Rxb7 29. Rb3 Rb6 30. Rxb6 axb6 31. Nf4 Qe4 32. Qd3 Qxd3 33. Nxd3 f5
34. f4 Kf7 35. Kf2 e5 36. Ke2 e4 37. Nb2 Ke6 38. Na4 Kd6 39. h3 Kc6 40. Nc3 Nf6
41. g4 h5 42. g5 Ne8 43. Nb5 h4 44. Kd2 Kb7 45. Kc2 Kc6 46. Kb3 Kd7 47. Na3 Nd6
48. Nc2 Kc6 49. a4 Ne8 50. Ne1 Kd6 51. Ng2 Ke6 52. Nxh4 Kf7 53. Ng2 Ke6 54. Ne1
Nc7 55. Nc2 Na6 56. h4 Kf7 57. Na3 Nb4 58. Nb5 Ke6 59. Nc7+ Kd6 60. Na8 Nd3 61.
Nxb6 Ne1 62. a5 1-0

[Event "19th Dubai Open 2017"]
[Site "Dubai UAE"]
[Date "2017.04.06"]
[Round "4.10"]
[White "Debashis, Das"]
[Black "Rakhmanov, Aleksandr"]
[Result "1/2-1/2"]
[WhiteTitle "GM"]
[BlackTitle "GM"]
[WhiteElo "2501"]
[BlackElo "2665"]
[WhiteFideId "5024854"]
[BlackFideId "4173708"]
[EventDate "2017.04.03"]

1. d4 d5 2. c4 e6 3. Nc3 Nf6 4. cxd5 exd5 5. Bg5 c6 6. e3 Bf5 7. Qf3 Bg6 8. Bxf6
Qxf6 9. Qxf6 gxf6 10. Nf3 Nd7 11. Nh4 Nb6 12. f4 f5 13. Bd3 Nc4 14. Bxc4 dxc4
15. Nf3 f6 16. Kf2 O-O-O 17. Rhc1 a5 18. Nb1 b5 19. b3 cxb3 20. axb3 Kb7 21.
Rxa5 Bf7 22. Nbd2 Bb4 23. Ra2 Ra8 24. Rca1 Rxa2 25. Rxa2 Kb6 26. Ke2 h5 27. g3
Bd5 28. Kd3 Re8 29. Ra1 Be4+ 30. Ke2 Bd5 31. Kd3 Be4+ 32. Ke2 Bd5 1/2-1/2

[Event "19th Dubai Open 2017"]
[Site "Dubai UAE"]
[Date "2017.04.06"]
[Round "4.11"]
[White "Amin, Bassem"]
[Black "Xu, Xiangyu"]
[Result "1-0"]
[WhiteTitle "GM"]
[BlackTitle "IM"]
[WhiteElo "2663"]
[BlackElo "2503"]
[WhiteFideId "10601457"]
[BlackFideId "8608288"]
[EventDate "2017.04.03"]

1. e4 e5 2. Bc4 Nf6 3. d3 c6 4. Qe2 Be7 5. f4 d5 6. Bb3 dxe4 7. dxe4 exf4 8.
Bxf4 O-O 9. Nf3 Na6 10. Nbd2 Nc5 11. Rd1 Ne6 12. Be5 Qa5 13. c3 b6 14. Nc4 Qc5
15. Nd6 Ng4 16. Nxc8 Raxc8 17. Bxe6 fxe6 18. Bg3 Rcd8 19. Nd4 e5 20. Nf5 Rxd1+
21. Kxd1 Rxf5 22. exf5 Ne3+ 23. Ke1 Bg5 24. h4 Bf4 25. Bf2 Nxg2+ 26. Kf1 Ne3+
27. Bxe3 Bxe3 28. Qd3 Bf4 29. Kg2 Qe7 30. Qc4+ Kh8 31. Qe6 Qf8 32. Rd1 h6 33.
Rd7 Qa8 34. Qe7 1-0

[Event "19th Dubai Open 2017"]
[Site "Dubai UAE"]
[Date "2017.04.06"]
[Round "4.13"]
[White "Salgado Lopez, Ivan"]
[Black "Salomon, Johan"]
[Result "0-1"]
[WhiteTitle "GM"]
[BlackTitle "IM"]
[WhiteElo "2641"]
[BlackElo "2487"]
[WhiteFideId "2257327"]
[BlackFideId "1509500"]
[EventDate "2017.04.03"]

1. Nf3 Nf6 2. g3 b6 3. Bg2 Bb7 4. O-O c5 5. d3 d5 6. e4 e6 7. Re1 Be7 8. e5 Nfd7
9. c4 d4 10. Nbd2 Nc6 11. h4 h6 12. Nf1 Qc7 13. Qe2 O-O-O 14. Bd2 Rdg8 15. N1h2
g5 16. hxg5 hxg5 17. Ng4 Rh5 18. a3 Rgh8 19. b4 Qd8 20. bxc5 Ncxe5 21. Nfh2 Bxg2
22. Kxg2 Bxc5 23. Rh1 Qc7 24. Qe4 Nc6 25. Nf3 Rxh1 26. Rxh1 Rxh1 27. Kxh1 f5 28.
Qxe6 fxg4 29. Nxg5 Ne5 30. Ne4 Qc6 31. Qe8+ Kb7 32. Kg1 Nxd3 33. Ng5 N3e5 34.
Ne6 Nf3+ 35. Kf1 Nxd2+ 36. Ke2 Qc8 37. Qg6 Nxc4 38. Qxg4 d3+ 39. Kd1 Nb2+ 40.
Kd2 Bxa3 41. Qe4+ Ka6 0-1

[Event "19th Dubai Open 2017"]
[Site "Dubai UAE"]
[Date "2017.04.06"]
[Round "4.15"]
[White "Gupta, Abhijeet"]
[Black "Pascua, Haridas"]
[Result "1-0"]
[WhiteTitle "GM"]
[BlackTitle "IM"]
[WhiteElo "2607"]
[BlackElo "2441"]
[WhiteFideId "5010608"]
[BlackFideId "5203953"]
[EventDate "2017.04.03"]

1. d4 Nf6 2. c4 e6 3. Nc3 Bb4 4. e3 O-O 5. Ne2 d5 6. a3 Be7 7. cxd5 exd5 8. Nf4
c6 9. Bd3 b6 10. O-O Ba6 11. b4 Bxd3 12. Nxd3 Nbd7 13. b5 cxb5 14. Qb3 a6 15.
Nf4 Rc8 16. Ncxd5 Bd6 17. a4 b4 18. Bb2 Nb8 19. Rac1 Nc6 20. Qc4 Nxd5 21. Nxd5
Nb8 22. Qb3 Nc6 23. e4 Kh8 24. Qd3 Ne7 25. Nxe7 Bxe7 26. Qxa6 Ra8 27. Qb5 Ra5
28. Qc6 Qa8 29. Qxb6 Rxa4 30. d5 b3 31. d6 Bg5 32. Rc5 Bd8 33. Qxb3 Rxe4 34. h3
Re6 35. Rd5 Qa7 36. d7 Bb6 37. Qc3 f6 38. Qc8 Bd8 39. Bd4 Qa2 40. Rb5 h6 41. Bb6
Qe2 42. Bxd8 Qxb5 43. Be7 1-0

[Event "19th Dubai Open 2017"]
[Site "Dubai UAE"]
[Date "2017.04.06"]
[Round "4.16"]
[White "Tania, Sachdev"]
[Black "Bok, Benjamin"]
[Result "1/2-1/2"]
[WhiteTitle "IM"]
[BlackTitle "GM"]
[WhiteElo "2429"]
[BlackElo "2605"]
[WhiteFideId "5007844"]
[BlackFideId "1017063"]
[EventDate "2017.04.03"]

1. d4 Nf6 2. c4 e6 3. Nf3 Bb4+ 4. Bd2 a5 5. g3 d5 6. Bg2 dxc4 7. O-O O-O 8. Nc3
Nbd7 9. Qc2 c6 10. Rfd1 b5 11. a4 Qb6 12. e4 Be7 13. axb5 cxb5 14. Bg5 h6 15. e5
hxg5 16. Nxg5 Bb7 17. exf6 Nxf6 18. d5 b4 19. d6 Bxg2 20. dxe7 Rfe8 21. Kxg2
bxc3 22. Qxc3 Rxe7 23. Qxc4 Qxb2 24. Qc6 Qb8 25. Ra4 Qe8 26. Qxe8+ Nxe8 27. Ne4
Rb7 28. Rda1 Rb5 29. R1a2 Kf8 30. Nc3 Re5 31. f4 Rc5 32. Ne4 Rf5 33. Nd2 Nd6 34.
Nb3 Nb7 35. Rb4 Ra7 36. Rc4 Nd8 37. Rc8 Ke8 38. Nd4 Rd5 39. Nc6 Rad7 1/2-1/2

[Event "19th Dubai Open 2017"]
[Site "Dubai UAE"]
[Date "2017.04.06"]
[Round "4.17"]
[White "Mchedlishvili, Mikheil"]
[Black "Kotanjian, Tigran"]
[Result "1-0"]
[WhiteTitle "GM"]
[BlackTitle "GM"]
[WhiteElo "2602"]
[BlackElo "2469"]
[WhiteFideId "13600966"]
[BlackFideId "13301250"]
[EventDate "2017.04.03"]

1. d4 Nf6 2. c4 g6 3. Nc3 Bg7 4. e4 d6 5. f3 O-O 6. Be3 Nc6 7. Nge2 a6 8. Qd2
Rb8 9. Rc1 Bd7 10. Nd1 b6 11. Nf2 Na5 12. b4 Nb7 13. Nc3 a5 14. a3 axb4 15. axb4
c5 16. Rb1 Nh5 17. Be2 f5 18. exf5 gxf5 19. f4 cxd4 20. Bxd4 e5 21. Bxb6 Qxb6
22. Bxh5 Be6 23. Nd5 Bxd5 24. Qxd5+ Kh8 25. O-O e4 26. Kh1 Nd8 27. Nh3 Rf6 28.
Rfd1 h6 29. Be8 Ne6 30. Bd7 Nc7 31. Qc6 e3 32. Ng1 Bf8 33. Qxb6 Rxb6 34. b5 Rb8
35. Ne2 Na8 36. Bc6 Nb6 37. Rbc1 Re6 38. g3 1-0

[Event "19th Dubai Open 2017"]
[Site "Dubai UAE"]
[Date "2017.04.06"]
[Round "4.18"]
[White "Tari, Aryan"]
[Black "Vignesh, N R"]
[Result "0-1"]
[WhiteTitle "GM"]
[BlackTitle "IM"]
[WhiteElo "2597"]
[BlackElo "2411"]
[WhiteFideId "1510045"]
[BlackFideId "25012215"]
[EventDate "2017.04.03"]

1. e4 e5 2. Nf3 Nc6 3. Bb5 Nf6 4. d3 d6 5. O-O Bd7 6. c3 g6 7. Nbd2 Bg7 8. Re1
O-O 9. Nf1 Nh5 10. a4 Qe8 11. a5 Nd4 12. Nxd4 Bxb5 13. Nxb5 Qxb5 14. Ne3 Nf4 15.
Nc4 Ne6 16. Ra4 Qd7 17. Be3 d5 18. exd5 Qxd5 19. Qf3 Qxf3 20. gxf3 b5 21. axb6
axb6 22. Rb4 Rfd8 23. Rb5 f6 24. Rd1 Rd7 25. Kf1 Rad8 26. Ke2 Kf7 27. Na3 Bf8
28. Nc2 Bc5 29. Nb4 Bxb4 30. Rxb4 f5 31. Bc1 Rd5 32. Rc4 R8d7 33. b4 R5d6 34.
Rh4 h5 35. f4 Rc6 36. fxe5 Rxc3 37. Be3 Rd5 38. Rc4 Rxc4 39. dxc4 Rxd1 40. Kxd1
f4 41. Bd2 g5 42. Bc3 Kg6 43. f3 Kf5 44. h3 Nd8 45. Ke2 Nf7 46. b5 Nxe5 47. c5
Ke6 48. cxb6 cxb6 49. Bd4 Nd7 50. Bg7 Ne5 51. Bh6 Nf7 52. Bg7 Kd5 53. Kd3 Ne5+
54. Ke2 Ke6 55. Bh6 Nf7 56. Bg7 Kd5 57. Kd3 Kc5 58. Ke4 Kxb5 59. Kf5 Kc4 60. h4
gxh4 61. Kxf4 h3 62. Kg3 Ng5 63. f4 Ne6 64. Be5 Kd5 65. Kxh3 Ke4 66. Kg3 b5 67.
Bd6 Nd4 68. Kh3 Nf5 69. Be5 b4 0-1

[Event "19th Dubai Open 2017"]
[Site "Dubai UAE"]
[Date "2017.04.06"]
[Round "4.19"]
[White "Pantsulaia, Levan"]
[Black "Asadli, Vugar"]
[Result "1-0"]
[WhiteTitle "GM"]
[BlackTitle "IM"]
[WhiteElo "2589"]
[BlackElo "2431"]
[WhiteFideId "13602071"]
[BlackFideId "13405764"]
[EventDate "2017.04.03"]

1. Nf3 d5 2. g3 g6 3. Bg2 Bg7 4. O-O e5 5. d3 Nc6 6. Nbd2 Nge7 7. e4 O-O 8. c3
a5 9. a4 d4 10. Nb3 h6 11. cxd4 exd4 12. Bd2 b6 13. Nc1 Rb8 14. Ne1 Nb4 15. Nc2
c5 16. Nxb4 axb4 17. h4 Ra8 18. Qc2 Bg4 19. b3 Qd7 20. Na2 b5 21. Qxc5 bxa4 22.
Nc1 axb3 23. Rxa8 Rxa8 24. Nxb3 Be6 25. Rb1 Rb8 26. Qc1 Bxb3 27. Rxb3 Qa4 28.
Rb1 b3 29. Bh3 Qa6 30. Bf4 Rb6 31. Qd1 b2 32. Qc2 Qa2 33. Bd7 Kh7 34. g4 Rb7 35.
Ba4 f5 36. f3 fxg4 37. fxg4 Rb4 38. Bd7 Rb7 39. Ba4 Qe6 40. Qe2 Ra7 41. Bd1 Be5
42. Bh2 1-0

[Event "19th Dubai Open 2017"]
[Site "Dubai UAE"]
[Date "2017.04.06"]
[Round "4.20"]
[White "Korobov, Anton"]
[Black "Saeed, Ishaq"]
[Result "1-0"]
[WhiteTitle "GM"]
[BlackTitle "FM"]
[WhiteElo "2695"]
[BlackElo "2360"]
[WhiteFideId "14105730"]
[BlackFideId "9301453"]
[EventDate "2017.04.03"]

1. d4 Nf6 2. c4 e6 3. Nf3 b6 4. g3 Bb7 5. Bg2 Be7 6. O-O O-O 7. Re1 h6 8. a3 a5
9. Nc3 Ne4 10. Nb5 Na6 11. Bf4 Qc8 12. Rc1 d6 13. Qc2 g5 14. Be3 f5 15. d5 e5
16. g4 Nf6 17. gxf5 Qe8 18. Bd2 Qh5 19. Bc3 c6 20. dxc6 Bxc6 21. e4 Nc5 22. Nd2
Qh4 23. b4 axb4 24. axb4 Ncd7 25. Rcd1 g4 26. Qb3 Kh8 27. Nf1 Nh5 28. Qb2 Nf4
29. Nxd6 Bf6 30. b5 Nc5 31. bxc6 Na4 32. Qc2 Nxg2 33. Kxg2 Qh3+ 34. Kg1 Nxc3 35.
Rd3 Ra2 36. Qxc3 g3 37. Rxg3 Qh4 38. c7 1-0

[Event "19th Dubai Open 2017"]
[Site "Dubai UAE"]
[Date "2017.04.06"]
[Round "4.21"]
[White "Akopian, Vladimir"]
[Black "Hesham, Abdelrahman"]
[Result "1-0"]
[WhiteTitle "GM"]
[BlackTitle "GM"]
[WhiteElo "2675"]
[BlackElo "2348"]
[WhiteFideId "13300032"]
[BlackFideId "10600183"]
[EventDate "2017.04.03"]

1. e4 c5 2. Nf3 d6 3. d4 cxd4 4. Nxd4 Nf6 5. Nc3 a6 6. f3 e5 7. Nb3 Be7 8. Be3
Be6 9. Qd2 O-O 10. O-O-O a5 11. Qe1 Na6 12. Kb1 Qb8 13. g4 Rc8 14. g5 Nd7 15. a4
Nb4 16. h4 f5 17. Rh2 Rc7 18. Nd5 Nxd5 19. exd5 Bf7 20. f4 Bh5 21. Rdd2 Bf3 22.
h5 Be4 23. h6 g6 24. Bb5 Qd8 25. Qg3 Rac8 26. Nxa5 exf4 27. Bxf4 Nb6 28. Qe3 Nd7
29. Qd4 Ne5 30. Bxe5 dxe5 31. Qxe5 Bd6 32. Qe6+ Kh8 33. Rhe2 Re7 34. Qf6+ Kg8
35. Nc6 1-0

[Event "19th Dubai Open 2017"]
[Site "Dubai UAE"]
[Date "2017.04.06"]
[Round "4.22"]
[White "Jones, Gawain C B"]
[Black "Dhulipalla, Bala Chandra Prasad"]
[Result "1-0"]
[WhiteTitle "GM"]
[WhiteElo "2671"]
[BlackElo "2337"]
[WhiteFideId "409561"]
[BlackFideId "25005812"]
[EventDate "2017.04.03"]

1. e4 e5 2. Nf3 Nc6 3. Bb5 a6 4. Ba4 Nf6 5. O-O Be7 6. Re1 b5 7. Bb3 d6 8. c3
O-O 9. d4 Bg4 10. Be3 exd4 11. cxd4 d5 12. e5 Ne4 13. h3 Bh5 14. Nbd2 Nxd2 15.
Qxd2 Bb4 16. Qc2 Na5 17. Bd2 Bg6 18. Qc1 Bxd2 19. Nxd2 Nc4 20. Bc2 Qg5 21. Nxc4
Qxc1 22. Rexc1 dxc4 23. b3 Rfd8 24. bxc4 Rxd4 25. cxb5 Bxc2 26. Rxc2 axb5 27.
Rxc7 Re4 28. Rc5 b4 29. Rb1 h5 30. Rb2 Re8 31. g3 g6 32. Kg2 R8xe5 33. Rxe5 Rxe5
34. Rxb4 Re2 35. a3 Ra2 36. Rb3 Kg7 37. Kf3 g5 38. g4 Kg6 39. Rb6+ f6 40. Rb3
Kh6 41. Ke3 Kg6 42. Rd3 Kh6 43. Kf3 Kg6 44. Kg2 Ra1 45. Rf3 h4 46. Rb3 Kf7 47.
Kf3 Ra2 48. Ke3 Ke6 49. f4 Rh2 50. Ke4 Re2+ 51. Re3 Ra2 52. Kd4+ Kd7 53. fxg5
fxg5 54. Ke5 Rg2 55. a4 Rg1 56. Rd3+ Kc7 57. Kf5 Rg3 58. Rd1 Rxh3 59. Kxg5 Rh2
60. Kh5 Kb6 61. g5 h3 62. Rd3 Rh1 63. g6 Ka5 64. Kh6 h2 65. Rh3 1-0

[Event "19th Dubai Open 2017"]
[Site "Dubai UAE"]
[Date "2017.04.06"]
[Round "4.23"]
[White "Salem, A.R. Saleh"]
[Black "Mohannad, Farhan"]
[Result "1-0"]
[WhiteTitle "GM"]
[BlackTitle "FM"]
[WhiteElo "2652"]
[BlackElo "2319"]
[WhiteFideId "9301348"]
[BlackFideId "8100918"]
[EventDate "2017.04.03"]

1. d4 Nf6 2. c4 g6 3. Nc3 Bg7 4. e4 d6 5. Nf3 O-O 6. Be2 e5 7. d5 Na6 8. Nd2 c6
9. O-O c5 10. a3 Bh6 11. Rb1 Ne8 12. b4 Ng7 13. Nb3 Bxc1 14. Qxc1 b6 15. b5 Nb8
16. Qh6 f5 17. f4 exf4 18. Rxf4 g5 19. Rf2 f4 20. Rbf1 Nd7 21. e5 Nxe5 22. Ne4
Nf5 23. Qxg5+ Qxg5 24. Nxg5 Ne3 25. Rc1 a6 26. bxa6 Rxa6 27. Nd2 Rxa3 28. Nde4
Bd7 29. Nxd6 f3 30. gxf3 Rfa8 31. h4 Ra1 32. Rxa1 Rxa1+ 33. Kh2 Ra2 34. Kg3 Ra3
35. h5 Kf8 36. Kf4 h6 37. Kxe5 hxg5 38. h6 Kg8 39. Rh2 Kh7 40. Ne4 Bf5 41. Nxg5+
Kh8 42. h7 Bg6 43. Rh6 1-0

[Event "19th Dubai Open 2017"]
[Site "Dubai UAE"]
[Date "2017.04.06"]
[Round "4.24"]
[White "Gomes, Mary Ann"]
[Black "Zhang, Zhong"]
[Result "0-1"]
[WhiteTitle "WGM"]
[BlackTitle "GM"]
[WhiteElo "2316"]
[BlackElo "2641"]
[WhiteFideId "5013623"]
[BlackFideId "8600694"]
[EventDate "2017.04.03"]

1. c4 Nf6 2. Nf3 e6 3. g3 d5 4. Bg2 d4 5. O-O c5 6. e3 Nc6 7. exd4 cxd4 8. d3
Bd6 9. a3 a5 10. Re1 h6 11. Nbd2 O-O 12. Qc2 e5 13. c5 Bc7 14. Nc4 Re8 15. Nfd2
Bf5 16. Rb1 Re6 17. h3 Qd7 18. Nb6 Bxb6 19. cxb6 Rc8 20. Qb3 a4 21. Qb5 Nd8 22.
Qxd7 Nxd7 23. Ne4 Nc5 24. Bf1 Nb3 25. Nd2 Nc5 26. Ne4 Bxe4 27. dxe4 Rxb6 28. Bd2
Nb3 29. Red1 Nxd2 30. Rxd2 Ne6 31. f4 Rb3 32. fxe5 Rxg3+ 33. Kf2 Rb3 34. h4 Rc5
35. Bg2 Rxe5 36. Rc1 g6 37. Rc4 b5 38. Rc8+ Kg7 39. Bf1 Rxe4 0-1

[Event "19th Dubai Open 2017"]
[Site "Dubai UAE"]
[Date "2017.04.06"]
[Round "4.25"]
[White "Harikrishnan, A. Ra"]
[Black "Indjic, Aleksandar"]
[Result "1/2-1/2"]
[BlackTitle "GM"]
[WhiteElo "2305"]
[BlackElo "2589"]
[WhiteFideId "5081483"]
[BlackFideId "911925"]
[EventDate "2017.04.03"]

1. e4 g6 2. d4 Bg7 3. Nc3 a6 4. Nf3 d6 5. Be2 Nf6 6. O-O O-O 7. e5 dxe5 8. dxe5
Ng4 9. Bf4 Nc6 10. Qe1 Ngxe5 11. Rd1 Nxf3+ 12. Bxf3 Nd4 13. Be5 c5 14. Bxg7 Kxg7
15. Qe5+ f6 16. Qxc5 e5 17. Be4 Bg4 18. f3 Rc8 19. Qd5 Be6 20. Qxd8 Rfxd8 21.
Bxb7 Rb8 22. Bxa6 Rxb2 23. Bd3 Rc8 24. Rb1 Rxb1 25. Nxb1 Bxa2 26. Nd2 Be6 27.
Rb1 f5 28. Rc1 Rd8 29. Bf1 Nc6 30. Nc4 Bxc4 31. Bxc4 Rd2 32. c3 e4 33. fxe4 Ne5
34. Bf1 f4 35. c4 Kf6 36. c5 Nc6 37. Bb5 Nd4 38. Bf1 f3 39. Kh1 Nb3 40. Rb1
fxg2+ 41. Bxg2 Nxc5 42. Kg1 Nd3 43. Bf1 Ne5 44. Bg2 Kg5 45. Rf1 Kg4 46. Rf2 Rd1+
47. Rf1 Rxf1+ 48. Kxf1 Kf4 49. Kf2 Ng4+ 50. Kg1 h5 51. Bh3 Nf6 52. Bg2 Nxe4 53.
Bxe4 Kxe4 54. Kf2 Kf4 55. Kg2 Kg4 56. Kg1 Kf3 57. Kf1 g5 58. Kg1 Ke2 59. Kg2 h4
60. Kg1 Kf3 61. Kf1 Ke3 62. Kg2 Ke2 63. Kg1 Kf3 64. Kf1 Kf4 65. Kf2 Ke4 66. Ke2
g4 67. h3 g3 68. Kf1 Kf3 69. Kg1 g2 70. Kh2 Kf2 1/2-1/2

[Event "19th Dubai Open 2017"]
[Site "Dubai UAE"]
[Date "2017.04.06"]
[Round "4.26"]
[White "Grigoryan, Karen"]
[Black "Abasov, Nijat"]
[Result "1/2-1/2"]
[WhiteTitle "IM"]
[BlackTitle "GM"]
[WhiteElo "2308"]
[BlackElo "2588"]
[WhiteFideId "14000121"]
[BlackFideId "13402960"]
[EventDate "2017.04.03"]

1. d4 Nf6 2. Nf3 e6 3. c4 d5 4. Nc3 Bb4 5. Bg5 Nbd7 6. e3 c5 7. cxd5 exd5 8. Bd3
Qa5 9. Qc2 c4 10. Bf5 O-O 11. O-O Re8 12. Nd2 g6 13. Bh3 Kg7 14. Rae1 Ne4 15.
Ndxe4 dxe4 16. Bf4 Nb6 17. Bxc8 Raxc8 18. f3 Nd5 19. fxe4 Bxc3 20. bxc3 Qxc3 21.
Qf2 Rxe4 22. Be5+ f6 23. Bxf6+ Nxf6 24. Qxf6+ Kg8 25. Qf7+ Kh8 26. Qf6+ Kg8 27.
Qf7+ Kh8 28. Qf6+ Kg8 29. Qf7+ Kh8 30. Qxb7 Rce8 1/2-1/2

[Event "19th Dubai Open 2017"]
[Site "Dubai UAE"]
[Date "2017.04.06"]
[Round "4.27"]
[White "Idani, Pouya"]
[Black "Raahul, V S"]
[Result "1-0"]
[WhiteTitle "GM"]
[WhiteElo "2573"]
[BlackElo "2306"]
[WhiteFideId "12510130"]
[BlackFideId "25035525"]
[EventDate "2017.04.03"]

1. d4 f5 2. Bg5 g6 3. Nc3 Bg7 4. h4 h6 5. Bf4 Nf6 6. Qd3 O-O 7. Qc4+ d5 8. Qxc7
Qe8 9. e3 Nc6 10. Bb5 Bd7 11. Qxb7 e5 12. Bxe5 Nxe5 13. dxe5 Rb8 14. Bxd7 Qxe5
15. Qc6 Rb6 16. Nf3 Qb8 17. Qa4 Nxd7 18. Qxd7 Rd6 19. Qa4 Qxb2 20. O-O Qxc3 21.
Rab1 Qc7 22. Rfd1 Rc8 23. Rd2 Bc3 24. Rd3 Bf6 25. Rbd1 Qxc2 26. Qf4 Rcd8 27.
Qxh6 Bg7 28. Qg5 Qxa2 29. h5 Qc4 30. h6 Bh8 31. h7+ Kxh7 32. Qe7+ Kh6 33. Rd4
Bxd4 34. Rxd4 Qxd4 35. Nxd4 1-0

[Event "19th Dubai Open 2017"]
[Site "Dubai UAE"]
[Date "2017.04.06"]
[Round "4.28"]
[White "Kulkarni, Bhakti"]
[Black "Schroeder, Jan-Christian"]
[Result "1/2-1/2"]
[WhiteTitle "CM"]
[BlackTitle "GM"]
[WhiteElo "2286"]
[BlackElo "2529"]
[WhiteFideId "5019516"]
[BlackFideId "24662259"]
[EventDate "2017.04.03"]

1. d4 Nf6 2. c4 e6 3. Nc3 Bb4 4. e3 b6 5. Ne2 Ne4 6. f3 Nxc3 7. Nxc3 O-O 8. Bd3
c5 9. O-O Nc6 10. d5 Bxc3 11. bxc3 Na5 12. f4 Ba6 13. Qe2 d6 14. f5 exf5 15.
Rxf5 Qd7 16. Rf4 f5 17. Bd2 Rae8 18. Raf1 g6 19. R1f3 Qe7 20. e4 Qg7 21. Re3 Bc8
22. exf5 Rxe3 23. Qxe3 Bxf5 24. Bxf5 Rxf5 25. Rxf5 gxf5 26. Qe6+ Qf7 27. Qxd6
Nxc4 28. Qd8+ Qf8 29. Qg5+ Qg7 30. Qd8+ Qf8 31. Qg5+ Qg7 32. Qd8+ Qf8 1/2-1/2

[Event "19th Dubai Open 2017"]
[Site "Dubai UAE"]
[Date "2017.04.06"]
[Round "4.29"]
[White "Mastrovasilis, Athanasios"]
[Black "Arjun, Kalyan"]
[Result "0-1"]
[WhiteTitle "GM"]
[WhiteElo "2524"]
[BlackElo "2280"]
[WhiteFideId "4201990"]
[BlackFideId "35018701"]
[EventDate "2017.04.03"]

1. Nf3 d5 2. g3 Nf6 3. Bg2 c6 4. O-O Bg4 5. h3 Bh5 6. d4 Nbd7 7. c4 e6 8. cxd5
cxd5 9. Qb3 Qb6 10. Nc3 Be7 11. Qxb6 Nxb6 12. Bf4 Bxf3 13. Bxf3 Kd7 14. a4 a5
15. b3 Rhc8 16. Rfc1 Rc6 17. Nb5 Rxc1+ 18. Rxc1 Ne8 19. e4 Bb4 20. exd5 Nxd5 21.
Bxd5 exd5 22. Nc7 Nxc7 23. Rxc7+ Ke6 24. Rxb7 Rc8 25. Rc7 Rxc7 26. Bxc7 Bc3 27.
Kg2 Kd7 28. Bb6 Bb4 29. Kf3 f6 30. Ke3 Kc6 31. Ba7 Kb7 32. Bc5 Bxc5 33. dxc5 Kc6
34. Kd4 g6 35. f3 h6 36. h4 f5 37. g4 f4 38. g5 h5 39. b4 axb4 40. a5 Kc7 41. a6
Kc6 42. Kd3 Kc7 43. Kd4 Kc6 44. Kd3 Kc7 45. Kd4 0-1

[Event "19th Dubai Open 2017"]
[Site "Dubai UAE"]
[Date "2017.04.06"]
[Round "4.30"]
[White "Maisuradze, Nino"]
[Black "Karthikeyan, P."]
[Result "0-1"]
[WhiteTitle "WGM"]
[BlackTitle "IM"]
[WhiteElo "2273"]
[BlackElo "2507"]
[WhiteFideId "13601717"]
[BlackFideId "5018226"]
[EventDate "2017.04.03"]

1. d4 Nf6 2. c4 e6 3. Nf3 b6 4. a3 Bb7 5. Nc3 g6 6. Qc2 Bxf3 7. exf3 Nc6 8. Be3
Bg7 9. h4 Ne7 10. Rd1 c6 11. h5 Nxh5 12. d5 Nf6 13. d6 Nf5 14. Bg5 h6 15. Bc1 e5
16. Qd3 c5 17. Nb5 O-O 18. g4 Nd4 19. Nc7 Rc8 20. g5 hxg5 21. Bxg5 Rxc7 22. dxc7
Qxc7 23. Bxf6 Bxf6 24. Qe4 Qc6 25. Qxc6 dxc6 26. Rh3 Kg7 27. Be2 b5 28. cxb5
cxb5 29. Rc1 c4 30. a4 a6 31. Kf1 Bg5 32. Rd1 Rc8 33. f4 Bxf4 34. Bf3 Nxf3 35.
Rxf3 b4 36. Ke2 c3 37. bxc3 bxc3 38. Rxf4 exf4 39. a5 c2 40. Rc1 g5 41. f3 f5
42. Kf2 g4 43. Kg2 Rc3 44. Kh2 Kf6 45. Kg2 Ke5 46. Kh2 0-1

[Event "19th Dubai Open 2017"]
[Site "Dubai UAE"]
[Date "2017.04.06"]
[Round "4.31"]
[White "Kuybokarov, Temur"]
[Black "Sankalp, Gupta"]
[Result "1/2-1/2"]
[WhiteTitle "IM"]
[WhiteElo "2504"]
[BlackElo "2265"]
[WhiteFideId "14203049"]
[BlackFideId "5097010"]
[EventDate "2017.04.03"]

1. e4 c5 2. Nf3 Nc6 3. d4 cxd4 4. Nxd4 Nf6 5. Nc3 e5 6. Ndb5 d6 7. Bg5 a6 8. Na3
b5 9. Nd5 Be7 10. Bxf6 Bxf6 11. c4 b4 12. Nc2 a5 13. g3 O-O 14. h4 a4 15. Ndxb4
Nxb4 16. Nxb4 Qb6 17. a3 Bd8 18. Bg2 Be6 19. Rc1 Qc5 20. O-O Bb6 21. Nd5 Bxd5
22. exd5 Qa5 23. Rb1 Bd4 24. b4 axb3 25. Rxb3 Qc5 26. Qc2 Rxa3 27. Rfb1 Rxb3 28.
Rxb3 Qa5 29. Rb5 Qa1+ 30. Rb1 Qa5 31. Rb5 1/2-1/2

[Event "19th Dubai Open 2017"]
[Site "Dubai UAE"]
[Date "2017.04.06"]
[Round "4.32"]
[White "Deepan, Chakkravarthy J."]
[Black "Blagojevic, Tijana"]
[Result "1/2-1/2"]
[WhiteTitle "GM"]
[BlackTitle "WIM"]
[WhiteElo "2483"]
[BlackElo "2261"]
[WhiteFideId "5011132"]
[BlackFideId "16500270"]
[EventDate "2017.04.03"]

1. Nf3 d5 2. g3 c6 3. Bg2 Bg4 4. O-O e6 5. c4 Nf6 6. d4 Bd6 7. Qb3 Qc8 8. Nc3
O-O 9. Bg5 Nbd7 10. Rac1 h6 11. Bxf6 Nxf6 12. Ne5 Qb8 13. Nxg4 Nxg4 14. e4 dxe4
15. Nxe4 Be7 16. Rfd1 Nf6 17. Nc3 a5 18. d5 exd5 19. cxd5 cxd5 20. Bxd5 Bb4 21.
Nb5 Nxd5 22. Rxd5 Ra6 23. a3 Be7 24. Rd7 Rc6 25. Re1 Bf6 26. Qd5 Rc2 27. Rxb7
Qd8 28. Nd6 Rc7 29. Rxc7 Qxc7 30. b4 axb4 31. axb4 Bc3 32. Rc1 Rd8 33. Qc5 Qxd6
34. Qxd6 Rxd6 35. Rxc3 Rd1+ 36. Kg2 Rb1 37. Rc8+ Kh7 38. Rb8 Rb3 39. g4 Kg6 40.
Rb5 Kf6 41. h4 g6 42. f3 Rb2+ 43. Kg3 g5 44. hxg5+ hxg5 45. Rf5+ Kg6 46. Rb5 Kh6
47. Rb6+ Kg7 48. Rb8 Kh7 49. b5 Kg7 50. b6 Kh7 51. Rb7 Kg7 52. Rb8 1/2-1/2